000 00360 a2200157 4500
001 56564
020 _a8502039342
040 _cAnchieta - Pituba
100 _aAlbergaria, Lino de
240 1 0 _aChico, Edu e a oitava série
_lpor
245 1 0 _aChico, Edu e a oitava série
300 _a135
362 0 _a2004
650 4 _aLiteratura juvenil
942 _cBK
999 _c56564
_d56564